Novel Titles That Are Just a Name 📚 - Statistics

General Stats
  • This quiz has been taken 149 times
    27 since last reset
  • The average score is 11 of 22
Answer Stats
Year Author Book % Correct
1605 Miguel de Cervantes Don Quixote
100%
1955 Vladimir Nabokov Lolita
81%
1878 Leo Tolstoy Anna Karenina
77%
1974 Stephen King Carrie
77%
1815 Jane Austen Emma
73%
1988 Roald Dahl Matilda
73%
1838 Charles Dickens Oliver Twist
73%
1922 James Joyce Ulysses
65%
1850 Charles Dickens David Copperfield
62%
1759 Voltaire Candide
58%
1857 Gustave Flaubert Madame Bovary
54%
1901 Rudyard Kipling Kim
50%
1847 Charlotte Brontë Jane Eyre
46%
1817 Walter Scott {Rob} {Roy}
31%
1759 Laurence Sterne {Tristram} {Shandy}
31%
1925 Virginia Woolf Mrs Dalloway
27%
1945 E. B. White {Stuart} {Little}
27%
1983 Stephen King Christine
23%
1722 Daniel Defoe {Moll} {Flanders}
23%
1748 Samuel Richardson Clarissa
19%
1911 Edith Wharton {Ethan} {Frome}
19%
1992 Stephen King {Dolores} {Claiborne}
8%
No matching quizzes found
Score Distribution
Percent of People with Each Score
Percentile by Number Answered
Your Score History
You have not taken this quiz since the last reset